| LEADER 01174nam 2200277 a 4500 |
| 001 12334105550 |
| 003 ULIB |
| 008 030417s2551 th a sb 001 0 tha |
| 020 ^a978-974-05-2916-3
|
| 060 04 ^aWE346^bร924 2551
|
| 100 ^a ไพจิตต์ อัศวธนบดี
|
| 245 10 ^aโรคข้อสำหรับบุคลากรทางการแพทย์และประชาชน เล่มที่ 2/^c บรรณาธิการ ไพจิตต์ อัศวธนบดี, พงศ์ธร ณรงค์ฤกษ์นาวิน
|
| 250 ^aพิมพ์ครั้งที่1
|
| 260 ^aกรุงเทพฯ :^bซิตี้พริ้นท์,^c2551
|
| 300 ^a215 หน้า :^bภาพประกอบ
|
| 650 7 ^aข้ออักเสบ^xโรค
|
| 650 7 ^aรูห์มาติสม
|
| 650 7 ^aข้อ^xโรค
|
| 913 ^aImported by ULIBM Administrator
|
| 949 ^aImport form external file by ULIBM system
|
| 999 ^aอรทัย
|